[Event "World Amateur-ch"]
[Site "Iasi"]
[Date "2013.04.27"]
[Round "6"]
[White "Bolog, Iacint"]
[Black "Villar Reymundo, Juan Antonio"]
[Result "0-1"]
[WhiteElo "1862"]
[BlackElo "1989"]
[PlyCount "49"]
[EventDate "2013.04.22"]
[EventType "swiss"]
[EventRounds "9"]
[EventCountry "ROU"]
[SourceTitle "CBM 154 Extra"]
[Source "ChessBase"]
[SourceDate "2013.06.25"]
[SourceVersion "2"]
[SourceVersionDate "2013.06.25"]
[SourceQuality "1"]

1. d4 Nf6 2. c4 g6 3. Nc3 Bg7 4. e4 c5 5. d5 d6 6. Bd3 0-0 7. h3 e6 8. Be3 Na6 9. a3 Nc7 10. Nf3 Re8 11. Qc2 exd5 12. exd5 b5 13. 0-0 bxc4 14. Bxc4 Bf5 15. Qd2 Rb8 16. Bg5 Qc8 17. Rfe1 Ne4 18. Nxe4 Rxe4 19. Bd3 Rxb2 20. Bxe4 Rxd2 21. Nxd2 Bxa1 22. Rxa1 Bxe4 23. Nxe4 Nxd5 24. Rc1 Qf5 25. Nxd6 0-1

[Event "World Amateur-ch"]
[Site "Iasi"]
[Date "2013.04.24"]
[Round "3"]
[White "Thomre, Abhishek"]
[Black "Bolog, Iacint"]
[Result "1-0"]
[WhiteElo "1560"]
[BlackElo "1862"]
[PlyCount "77"]
[EventDate "2013.04.22"]
[EventType "swiss"]
[EventRounds "9"]
[EventCountry "ROU"]
[SourceTitle "CBM 154 Extra"]
[Source "ChessBase"]
[SourceDate "2013.06.25"]
[SourceVersion "2"]
[SourceVersionDate "2013.06.25"]
[SourceQuality "1"]

1. d4 d5 2. Nf3 Nf6 3. e3 a6 4. Bd3 g6 5. b3 Bg7 6. Bb2 b5 7. Nbd2 Nbd7 8. 0-0 c5 9. c4 Bb7 10. cxb5 axb5 11. Bxb5 0-0 12. Qe2 Ra5 13. dxc5 Nb8 14. b4 Ra8 15. Rfc1 Nc6 16. a3 Qc7 17. Nd4 Rfe8 18. Nxc6 Bxc6 19. Bxc6 Qxc6 20. b5 Qb7 21. c6 Qc7 22. Bd4 e5 23. b6 Qd6 24. c7 exd4 25. b7 Rxa3 26. c8Q dxe3 27. fxe3 h5 28. Rxa3 Qxa3 29. b8Q Qxc1+ 30. Qxc1 Rxb8 31. Nf3 Ng4 32. h3 Nf6 33. Qec2 Ne4 34. Qc7 Rf8 35. Q1c6 Nc3 36. Qxc3 Bxc3 37. Qxc3 Re8 38. Ng5 Kf8 39. Qf6 1-0

[Event "Porto San Giorgio op 23rd"]
[Site "Porto San Giorgio"]
[Date "2011.08.24"]
[Round "5"]
[White "Bolog, Iacint"]
[Black "Reif, Werner"]
[Result "1/2-1/2"]
[WhiteElo "1959"]
[BlackElo "1848"]
[PlyCount "102"]
[EventDate "2011.08.21"]
[EventType "swiss"]
[EventRounds "9"]
[EventCountry "ITA"]
[SourceTitle "CBM 144 Extra"]
[Source "ChessBase"]
[SourceDate "2011.10.28"]
[SourceVersion "1"]
[SourceVersionDate "2011.10.28"]
[SourceQuality "1"]

1. e4 c6 2. d4 d5 3. e5 c5 4. c3 Nc6 5. Be3 cxd4 6. cxd4 e6 7. a3 Nge7 8. Bd3 Ng6 9. Ne2 Be7 10. Qd2 Bd7 11. Nbc3 Na5 12. Nc1 Nc4 13. Qe2 Nxe3 14. fxe3 a6 15. 0-0 b5 16. N1a2 Qb6 17. b4 Rc8 18. Rab1 0-0 19. g3 f5 20. exf6 Rxf6 21. Rxf6 Bxf6 22. Bxg6 hxg6 23. Qg4 Rd8 24. Rd1 Be8 25. Nc1 Bf7 26. Nd3 e5 27. Nc5 exd4 28. exd4 Re8 29. Kf2 a5 30. Qd7 axb4 31. axb4 Rd8 32. Qxb5 Qxb5 33. Nxb5 Rb8 34. Nd6 Rxb4 35. Ke3 Rb2 36. Nxf7 Kxf7 37. h4 Rg2 38. Kf3 Rc2 39. Ke3 Rg2 40. Kf3 Rc2 41. Ke3 Rg2 42. Kf4 Rf2+ 43. Kg4 Rc2 44. Nd3 Rc4 45. Nf4 Rxd4 46. Rxd4 Bxd4 47. Nxd5 Bf2 48. Kf3 Be1 49. Kg2 Ke6 50. Nf4+ Kf5 51. Kf3 Bxg3 1/2-1/2

[Event "Rome Accademia op 04"]
[Site "Rome"]
[Date "2008.04.20"]
[Round "5"]
[White "Gatta, Flavio"]
[Black "Bolog, Iacint"]
[Result "0-1"]
[WhiteElo "1766"]
[BlackElo "1697"]
[PlyCount "126"]
[EventDate "2008.04.18"]
[EventType "swiss"]
[EventRounds "5"]
[EventCountry "ITA"]
[SourceTitle "EXT 2011"]
[Source "ChessBase"]
[SourceDate "2010.11.26"]
[SourceVersion "1"]
[SourceVersionDate "2010.11.26"]
[SourceQuality "1"]

1. e4 c5 2. Nc3 e6 3. g3 d5 4. exd5 exd5 5. Bg2 Be6 6. d3 Nc6 7. Nge2 Nf6 8. 0-0 Bd6 9. Nf4 Bxf4 10. Bxf4 0-0 11. Re1 h6 12. Qd2 a6 13. h4 Kh7 14. Be5 Nxe5 15. Rxe5 Qd6 16. Ree1 Rac8 17. Rad1 b5 18. Ne2 Bg4 19. Ra1 Rfd8 20. Nc3 Bf5 21. Kh2 Rc7 22. a4 b4 23. Nd1 d4 24. b3 Rdd7 25. Nb2 Be6 26. Be4+ g6 27. Nc4 Bxc4 28. bxc4 a5 29. Qd1 h5 30. f3 Kg7 31. Qd2 Nh7 32. f4 f5 33. Bd5 Re7 34. Kg2 Nf6 35. Bf3 Ng4 36. Bxg4 hxg4 37. Rxe7+ Rxe7 38. Re1 Qc6+ 39. Kh2 Re6 40. Kg1 Kf7 41. Kh2 Qxa4 42. Rxe6 Kxe6 43. Qe2+ Kf7 44. Qe5 Qc6 45. Qh8 Qe8 46. Qh7+ Kf6 47. Qa7 Qe2+ 48. Kg1 Qd1+ 49. Kf2 Qxc2+ 50. Ke1 b3 51. Qb6+ Kg7 52. Qd8 Qc3+ 53. Kd1 Qxd3+ 54. Ke1 Qxc4 55. Qe7+ Qf7 56. Qxc5 Qd7 57. Kd2 a4 58. Qe5+ Kf7 59. Qh8 Qe8 60. Qxd4 Qc6 61. Qa7+ Ke6 62. Qe3+ Kd7 63. Qd4+ Qd6 0-1

[Event "Rome Accademia op 04"]
[Site "Rome"]
[Date "2008.04.19"]
[Round "3"]
[White "Di Mauro, Sebastiano"]
[Black "Bolog, Iacint"]
[Result "1-0"]
[WhiteElo "1808"]
[BlackElo "1697"]
[PlyCount "49"]
[EventDate "2008.04.18"]
[EventType "swiss"]
[EventRounds "5"]
[EventCountry "ITA"]
[SourceTitle "EXT 2011"]
[Source "ChessBase"]
[SourceDate "2010.11.26"]
[SourceVersion "1"]
[SourceVersionDate "2010.11.26"]
[SourceQuality "1"]

1. e4 e5 2. f4 d6 3. Nf3 exf4 4. Bc4 Be7 5. 0-0 g5 6. d4 Bg4 7. c3 c6 8. Qb3 b5 9. Bxf7+ Kf8 10. Nxg5 Bxg5 11. Bxf4 Kg7 12. h3 Be2 13. Rf2 Bxf4 14. Rxf4 Nh6 15. Rf2 Bd3 16. c4 bxc4 17. Bxc4 Bxc4 18. Qg3+ Ng4 19. Qxg4+ Kh6 20. Qf4+ Kg6 21. Rf3 Be6 22. Rg3+ Kh5 23. Rg7 Na6 24. g4+ Kh4 25. Kh2 1-0

[Event "Rome Accademia op 04"]
[Site "Rome"]
[Date "2008.04.18"]
[Round "1"]
[White "Proietti, Giorgio"]
[Black "Bolog, Iacint"]
[Result "1/2-1/2"]
[WhiteElo "1944"]
[BlackElo "1697"]
[PlyCount "124"]
[EventDate "2008.04.18"]
[EventType "swiss"]
[EventRounds "5"]
[EventCountry "ITA"]
[SourceTitle "EXT 2011"]
[Source "ChessBase"]
[SourceDate "2010.11.26"]
[SourceVersion "1"]
[SourceVersionDate "2010.11.26"]
[SourceQuality "1"]

1. d4 d5 2. c4 c6 3. Nc3 dxc4 4. e3 Nf6 5. Bxc4 e6 6. Nf3 h6 7. a3 Be7 8. 0-0 b5 9. Bd3 0-0 10. e4 a5 11. Be3 Bb7 12. Qe2 Nbd7 13. e5 Nd5 14. Nxd5 exd5 15. a4 b4 16. b3 c5 17. dxc5 Nxc5 18. Bxc5 Bxc5 19. Rac1 Qe7 20. e6 fxe6 21. Rxc5 Qxc5 22. Qxe6+ Rf7 23. Bg6 Qe7 24. Bxf7+ Qxf7 25. Qxf7+ Kxf7 26. Rc1 Rc8 27. Rxc8 Bxc8 28. Kf1 Bf5 29. Nd4 Bd7 30. Ke2 Kf6 31. Ke3 g5 32. f3 Ke5 33. g3 Be8 34. f4+ Kd6 35. Nf5+ Kc5 36. Nxh6 d4+ 37. Kd3 gxf4 38. gxf4 Kd5 39. f5 Ke5 40. h3 Bc6 41. Ng4+ Kxf5 42. Kxd4 Bd7 43. Ne5 Be6 44. Nc4 Kf4 45. Kd3 Bxh3 46. Nxa5 Bf1+ 47. Kd4 Be2 48. Kc5 Ke5 49. Nc4+ Ke6 50. Kxb4 Kd5 51. a5 Kc6 52. a6 Bd1 53. Kc3 Kb5 54. a7 Bf3 55. Kd4 Ka6 56. Kc5 Kxa7 57. b4 Kb8 58. b5 Kc7 59. b6+ Kb8 60. Na5 Ba8 61. Kd6 Kc8 62. Kc5 Kb8 1/2-1/2